Most Amerindian South American Countries - Statistics

General Stats
  • This quiz has been taken 35 times
  • The average score is 9 of 11
Answer Stats
Percent Amerindian Answer % Correct
55% Bolivia
100%
39% Ecuador
90%
34% Peru
90%
3.2% Chile
86%
1% Argentina
83%
.4% Brazil
83%
1.8% Colombia
83%
10.5% Guyana
83%
3.8% Suriname
83%
2.7% Venezuela
76%
3% Paraguay
72%
No matching quizzes found
Score Distribution
Percent of People with Each Score
Percentile by Number Answered
Your Score History
You have not taken this quiz